000 01149nam a2200229Ii 4500
003 JO-AjNU
005 20250430122021.0
008 230605s9999||||xx |||||||||||||| ||und||
017 _a1995/11/1237
040 _aJO-AjNU
_bara
_erda
_cJO-AjNU
041 _aara
050 1 4 _aDS154.53.W37 1995
100 3 _aعبدالله بن الحسين بن علي، ملك الأردن، 1988 - 1951؛ اشراف البخيت، محمد عدنان، جمع وإعداد محمد عدنان البخيت، جمع وإعداد هند غسان أبو الشعر، جمع وإعداد نوفان رجا السوارية,
_eauthor
_953687
245 0 0 _aالوثائق الهاشمية: أوراق عبدالله بن الحسين: الإدارة الأردنية في فلسطين 1948-1951م، الجزء السادس
264 3 1 _aالمفرق: جامعة ال البيت، 1995
300 _aج6، 484ص
336 _atext
_btxt
_2rdacontent
337 _aunmediated
_bn
_2rdamedia
338 _avolume
_bnc
_2rdacarrier
650 4 _aالاردن - تاريخ - الملك عبدالله بن الحسين الاول - فلسطين
_953688
942 _2lcc
_cBK
999 _c27424
_d27424